Online Catalogue and eLibrary

The position of women in Hindu civilization, from prehistoric times to the present day / (Record no. 256)

MARC details
000 -LEADER
fixed length control field 00759cam a2200241 i 4500
001 - CONTROL NUMBER
control field 1759717
005 - DATE AND TIME OF LATEST TRANSACTION
control field 20240201021811.0
008 - FIXED-LENGTH DATA ELEMENTS--GENERAL INFORMATION
fixed length control field 750818s1956 ii af b 001 0 eng
020 ## - INTERNATIONAL STANDARD BOOK NUMBER
ISBN 8120803256
040 ## - CATALOGING SOURCE (பட்டியலாக்க மூலம்)
Original cataloging agency DLC
Transcribing agency DLC
Modifying agency DLC
082 00 - DDC Classification
Class No. 305.8
DDC Edition Number 22
100 1# - MAIN ENTRY--PERSONAL NAME
Personal name Altekar, A. S.
245 14 - TITLE STATEMENT
Title The position of women in Hindu civilization, from prehistoric times to the present day /
Statement of responsibility, etc. A. S. Altekar.
250 ## - EDITION STATEMENT
Edition statement 2d ed.
260 ## - PUBLICATION, DISTRIBUTION, ETC.
Place of publication, distribution, etc. Delhi :
Name of publisher, distributor, etc. Motilal Banarsidass,
Date of publication, distribution, etc. 1959.
300 ## - PHYSICAL DESCRIPTION
Extent (e.g. Volumes, Pages etc.) xii, 380, p.,
500 ## - GENERAL NOTE
General note 1st ed., 1938, published by Culture Publications House, Benaras Hindu University, Benaras.
500 ## - GENERAL NOTE
General note Includes quotations in Sanskrit.
500 ## - GENERAL NOTE
General note Includes index.
650 #0 - SUBJECT ADDED ENTRY--TOPICAL TERM
Topical term or geographic name entry element Women
650 #0 - SUBJECT ADDED ENTRY--TOPICAL TERM
Topical term or geographic name entry element Hindu civilization.
942 ## - Koha item type (Biblio)
Koha item type Books in Stacks (Lending)
Holdings
Lost status Damaged status Collection code Home library Current library Date acquired Full call number Accession Number Item type
    Lending WERC Library WERC Library 02/01/2024 305.8 91 Books in Stacks (Lending)

© WERC Library